• 首页
  • 本馆介绍
  • 公告通知
  • 最新文献
  • 馆藏检索
  • 电子资源
  • 读者导购
  • 参考咨询
  • 我的图书馆
  • 登录
  • 详细信息显示
  • 放入我的书架
  • 预约/预借图书
  • 作者相关作品
  • 分类相关作品
  • 丛书相关作品
  • 出版社相关作品

书目信息

  • 表格格式
  • 工作单格式
  • 卡片格式
题名:
昆虫种群生态学
    
 
作者: 徐汝梅 编著
分册:  
出版信息: 北京   北京师范大学出版社  1987.12
页数: 409页
开本: 20cm
丛书名:
单 册:
中图分类: Q968.1
科图分类:
主题词: 昆虫学:动物生态学 , 昆虫学:动物地理学
电子资源:
ISBN: 7-303-00126-3
000 00704nam0 2200241 45
001 0188021930
005 20060426155226.37
010    @a7-303-00126-3@dCNY3.20
020    @aCN@b88021930
100    @a19910417d1987 km y0chiy0120 ea
101 0  @achi
102    @aCN@b110000
105    @ay z 000yy
200 10 @a昆虫种群生态学@Akun chong zhong qun sheng tai xue@f徐汝梅编著@Fxu ru mei bian zhu
210    @a北京@c北京师范大学出版社@d1987.12
215    @a409页@d20cm
300    @a高等学校教学用书
606 0  @a昆虫学:动物生态学
606 0  @a昆虫学:动物地理学
690    @aQ968.1@v3
701  0 @a徐汝梅@Axu ru mei@4编著
801  0 @aCN@bNLC@c20060426
905    @dQ968.1@e8@f1@b233890@b233893@f1
    
    昆虫种群生态学/徐汝梅编著.-北京:北京师范大学出版社,1987.12
    409页;20cm
    高等学校教学用书
    
    ISBN 7-303-00126-3:CNY3.20
    
●
相关链接 在E读中查询图书 在五车中查询图书 在当当中查询图书 在豆瓣中查询图书


正题名:昆虫种群生态学     索取号:Q968.1/8         预约/预借

序号 登录号 条形码 馆藏地/架位号 状态 备注
1 0233890   000706515   密集书库/ [索取号:Q968.1/8] 在馆    
2 0233891   000706524   密集书库/ [索取号:Q968.1/8] 在馆    
3 0233892   202264888   密集书库/ [索取号:Q968.1/8] 在馆    
4 0233893   000706481   第三借阅区/ [索取号:Q968.1/8] 在馆    
5 0233894   202450169   第二样本阅览室/ [索取号:Q968.1/8] 在馆    
唐山师范学院图书馆 欢迎您!
大连网信软件有限公司© 版权所有